Matemática aplicada 1º medio 1999: texto para estudiantes

Uloženo v:
Podrobná bibliografie
Hlavní autor: Riera Lira, Gonzalo (Autor)
Médium: Kniha
Jazyk:španělština
Vydáno: Santiago Zig-Zag 1999
Témata:
Tagy: Přidat tag
Žádné tagy, Buďte první, kdo vytvoří štítek k tomuto záznamu!

MARC

LEADER 00000nam a2200000 a 4500
001 UCL1948
003 CL-VaPUC
008 030926e19990000CL |||||||||||||||||spa|d
020 |a 9561212889 
082 0 4 |a 510.712  |b RIE  |2 21 
100 0 |a Riera Lira, Gonzalo  |e author  |9 478953 
245 1 0 |a Matemática aplicada 1º medio 1999: texto para estudiantes 
300 |a 320 p 
942 |c BK 
945 |d 20030926 00:00:00  |a cmena 
260 |a Santiago  |b Zig-Zag  |c 1999 
650 0 |a Matemáticas  |x Enseñanza  |9 875527 
650 0 |a Libros de texto  |9 270019 
650 0 |a Métodos de enseñanza  |9 270413 
583 |a last modification  |c 20171130 16:21:13  |k Rodrigo Vera 
999 |c 305381  |d 305379 
952 |0 0  |1 0  |4 0  |6 510_712000000000000_RIE_1999  |7 0  |8 P  |9 369101  |a BIBEDU  |b BIBEDU  |d 2019-11-21  |i 3945367  |o 510.712 RIE 1999  |p 3945367  |r 2019-11-21  |w 2019-11-21  |y BK  |k EBA 
952 |0 0  |1 0  |4 0  |6 510_712000000000000_RIE_1999  |7 0  |8 P  |9 369102  |a BIBEDU  |b BIBEDU  |d 2019-11-21  |i 3945375  |o 510.712 RIE 1999  |p 3945375  |r 2019-11-21  |w 2019-11-21  |y BK  |k EBA 
952 |0 0  |1 0  |4 0  |6 510_712000000000000_RIE_1999  |7 0  |8 P  |9 369103  |a BIBEDU  |b BIBEDU  |c BIBEDU_PB  |d 2019-11-21  |i 3945383  |o 510.712 RIE 1999  |p 3945383  |r 2024-01-25  |w 2019-11-21  |y BK  |k EBA 
952 |0 0  |1 0  |4 0  |6 510_712000000000000_RIE_1999  |7 0  |8 P  |9 369104  |a BIBEDU  |b BIBEDU  |d 2019-11-21  |i 3945391  |o 510.712 RIE 1999  |p 3945391  |r 2019-11-21  |w 2019-11-21  |y BK  |k EBA 
952 |0 0  |1 0  |4 0  |6 510_712000000000000_RIE_1999  |7 0  |8 P  |9 369105  |a BIBEDU  |b BIBEDU  |d 2019-11-21  |i 3945405  |o 510.712 RIE 1999  |p 3945405  |r 2019-11-21  |w 2019-11-21  |y BK  |k EBA 
952 |0 0  |1 0  |4 0  |6 510_712000000000000_RIE_1999  |7 0  |8 A  |9 369108  |a BIBMAT  |b BIBMAT  |c E_DIDACT  |d 2019-11-21  |i 4053656  |o 510.712 RIE 1999  |p 4053656  |r 2025-01-07  |w 2019-11-21  |y BK  |k MAT 
952 |0 0  |1 0  |4 0  |6 510_712000000000000_RIE_1999  |7 0  |8 A  |9 369110  |a BIBMAT  |b BIBMAT  |c E_DIDACT  |d 2019-11-21  |i 4053672  |o 510.712 RIE 1999  |p 4053672  |r 2025-01-07  |w 2019-11-21  |y BK  |k MAT